000 00377nam a22001697a 4500
003 MPLRDC
005 20220104145808.0
008 210129b ||||| |||| 00| 0 eng d
082 _a868.71 ZJ
100 _a张句
245 _a院落
_c
250 _a初版
260 _a
_b椰子屋设计室
_c1999
300 _b
650 _a马华文学
942 _cBK
_o868.71 ZJ
999 _c51521
_d51511